<La> rémunération du travail

Gespeichert in:
Bibliographische Detailangaben
1. Verfasser: Meurs, Dominique
Format: Buch
Sprache:Französisch
Veröffentlicht: Paris Presses Universitaires de France 1995
Schriftenreihe:Que sais - je ?
Schlagworte:
Tags: Tag hinzufügen
Keine Tags, Fügen Sie das erste Tag hinzu!

MARC

LEADER 00000nam$a2200000$$$4500
001 0115292
005 20240111124541.1
020 |a 2-13-046684-2 
041 0 |a fre 
044 |a FR 
245 1 0 |a <La> rémunération du travail  |c Dominique Meurs 
264 1 |a Paris  |b Presses Universitaires de France  |c 1995 
300 |a 127 s. 
490 1 |a Que sais - je ? 
830 0 |a Que sais - je ? 
610 2 0 |a práca 
610 2 0 |a odmeny 
610 2 0 |a mzdy 
610 2 0 |a hodnotenie práce 
100 1 |a Meurs, Dominique